[Event "HUN-chT4 Chalupetzky 1516"]
[Site "Fertoszentmiklos"]
[Date "2016.03.06"]
[Round "6.1"]
[White "Rako, Istvan"]
[Black "Egri, Laszlo Jr"]
[Result "1/2-1/2"]
[WhiteElo "2045"]
[BlackElo "2274"]
[PlyCount "48"]
[EventDate "2015.10.11"]
[EventType "team-tourn"]
[EventRounds "7"]
[EventCountry "HUN"]
[SourceTitle "EXT 2017"]
[Source "ChessBase"]
[SourceDate "2016.10.25"]
[SourceVersion "1"]
[SourceVersionDate "2016.10.25"]
[SourceQuality "1"]
[WhiteTeam "Level KSE"]
[BlackTeam "Fertoszentmiklos"]
[WhiteTeamCountry "HUN"]
[BlackTeamCountry "HUN"]

1. e4 c5 2. Nf3 e6 3. c3 Nf6 4. e5 Nd5 5. d4 cxd4 6. cxd4 d6 7. Bc4 Be7 8. 0-0 0-0 9. Re1 Nc6 10. Nc3 Nxc3 11. bxc3 Qc7 12. exd6 Bxd6 13. Bd3 Bd7 14. Qc2 g6 15. h4 Rac8 16. Qe2 Na5 17. Bd2 Nc4 18. Bh6 Rfe8 19. Rab1 b5 20. h5 e5 21. hxg6 hxg6 22. Bxc4 Qxc4 23. Qxc4 Rxc4 24. dxe5 Bc7 1/2-1/2

[Event "HUN-chT4a 1314"]
[Site "Hungary"]
[Date "2014.03.08"]
[Round "9.2"]
[White "Rako, Istvan"]
[Black "Balogh, Akos"]
[Result "1-0"]
[WhiteElo "2054"]
[BlackElo "1661"]
[PlyCount "79"]
[EventDate "2013.09.28"]
[EventType "team-tourn"]
[EventRounds "9"]
[EventCountry "HUN"]
[SourceTitle "EXT 2016"]
[Source "ChessBase"]
[SourceDate "2015.10.08"]
[SourceVersion "1"]
[SourceVersionDate "2015.10.08"]
[SourceQuality "1"]

1. e4 b6 2. Nf3 Bb7 3. Bc4 e6 4. Qe2 Ne7 5. d4 Nbc6 6. c3 a6 7. 0-0 d5 8. Bd3 Ng6 9. Re1 Be7 10. e5 Qd7 11. Ng5 Bxg5 12. Bxg5 Nce7 13. a4 c5 14. Nd2 c4 15. Bc2 b5 16. b3 Rc8 17. axb5 axb5 18. b4 0-0 19. Nf1 Ra8 20. h3 Rxa1 21. Rxa1 f6 22. exf6 gxf6 23. Bh6 Re8 24. Qf3 f5 25. Bg5 Bc8 26. Ng3 e5 27. Nh5 Rf8 28. dxe5 Qe6 29. Nf6+ Kh8 30. Qh5 Rf7 31. f4 Qb6+ 32. Kh2 Qf2 33. Qf3 Qxc2 34. Ra8 Qd3 35. Qh5 Qxc3 36. Nxd5 Nxd5 37. Rxc8+ Rf8 38. Rxf8+ Nxf8 39. Qf7 Ng6 40. Bh6 1-0

[Event "HUN-chT4 1112"]
[Site "Hungary"]
[Date "2012.01.22"]
[Round "5.3"]
[White "Toth, Laszlo"]
[Black "Rako, Istvan"]
[Result "0-1"]
[WhiteElo "1791"]
[BlackElo "2144"]
[PlyCount "74"]
[EventDate "2011.09.11"]
[EventType "team-tourn"]
[EventRounds "9"]
[EventCountry "HUN"]
[SourceTitle "EXT 2016"]
[Source "ChessBase"]
[SourceDate "2015.10.08"]
[SourceVersion "1"]
[SourceVersionDate "2015.10.08"]
[SourceQuality "1"]

1. d4 Nf6 2. c4 c5 3. e3 e6 4. Nf3 Be7 5. Nc3 0-0 6. Be2 d5 7. 0-0 Nc6 8. a3 cxd4 9. exd4 a6 10. h3 dxc4 11. Bxc4 b5 12. Ba2 Bb7 13. Be3 b4 14. axb4 Nxb4 15. Bb1 Nfd5 16. Nxd5 Qxd5 17. Bd2 Rfd8 18. Re1 Qh5 19. Be4 Bxe4 20. Rxe4 Qb5 21. Bc3 Nd5 22. Qe1 Rdc8 23. Ra5 Qd7 24. Qf1 Qb7 25. Qe1 Bd6 26. g3 Nxc3 27. bxc3 Qc7 28. Ra2 Qxc3 29. Kg2 Bb4 30. Qb1 a5 31. Rh4 g6 32. Ng5 Be7 33. f4 Rab8 34. Qa1 Qxa1 35. Rxa1 Rb2+ 36. Kf1 a4 37. Ne4 Bxh4 0-1

[Event "HUN-chT2 Szechenyi 0910"]
[Site "Hungary"]
[Date "2009.11.22"]
[Round "2.1"]
[White "Joo, Gabor"]
[Black "Rako, Istvan"]
[Result "0-1"]
[WhiteElo "2084"]
[BlackElo "2153"]
[PlyCount "110"]
[EventDate "2009.11.08"]
[EventType "team-tourn"]
[EventRounds "11"]
[EventCountry "HUN"]
[SourceTitle "EXT 2011"]
[Source "ChessBase"]
[SourceDate "2010.11.26"]
[SourceVersion "1"]
[SourceVersionDate "2010.11.26"]
[SourceQuality "1"]
[WhiteTeam "HVSE Infraplan"]
[BlackTeam "FKMK"]
[WhiteTeamCountry "HUN"]
[BlackTeamCountry "HUN"]

1. e4 e5 2. Nf3 Nc6 3. d4 exd4 4. Bc4 Nf6 5. e5 d5 6. Bb5 Ne4 7. Nxd4 Bd7 8. Bxc6 bxc6 9. 0-0 Be7 10. Be3 0-0 11. Nd2 c5 12. N4b3 Nxd2 13. Qxd2 d4 14. Bf4 Be6 15. Qa5 c4 16. Nd2 Rb8 17. Nf3 Rxb2 18. Qxa7 c5 19. Rab1 Rxc2 20. Rb7 Re8 21. Rfb1 g5 22. Rb8 Bc8 23. Qa4 d3 24. Be3 Kf8 25. Ne1 Re2 26. Qxc4 Rxe3 27. fxe3 d2 28. Nd3 Qc7 29. R8b2 Rd8 30. Rxd2 Be6 31. Qe4 Kg7 32. Rb7 Qa5 33. Rf2 Bf8 34. Rb1 c4 35. Ne1 Bc5 36. Nc2 Qc3 37. Rbf1 Rd2 38. Nd4 Bxd4 39. exd4 Rxd4 40. Qf3 Qxf3 41. gxf3 Kg6 42. Re1 Kf5 43. Rfe2 Bd5 44. Kf2 Rf4 45. Re3 g4 46. Kg3 h5 47. e6 h4+ 48. Kxh4 gxf3+ 49. Kg3 Rg4+ 50. Kf2 Rg2+ 51. Kf1 fxe6 52. a3 Rxh2 53. Re5+ Kf4 54. Kg1 Rg2+ 55. Kf1 c3 0-1

[Event "HUN-chT2 Szechenyi 0809"]
[Site "Hungary"]
[Date "2009.04.19"]
[Round "11.1"]
[White "Marton, Jozsef"]
[Black "Rako, Istvan"]
[Result "1-0"]
[WhiteElo "2187"]
[BlackElo "2151"]
[PlyCount "100"]
[EventDate "2008.10.26"]
[EventType "team-tourn"]
[EventRounds "11"]
[EventCountry "HUN"]
[SourceTitle "EXT 2010"]
[Source "ChessBase"]
[SourceDate "2010.11.25"]
[SourceVersion "1"]
[SourceVersionDate "2010.11.25"]
[SourceQuality "1"]
[WhiteTeam "Ajka Banyasz"]
[BlackTeam "Flesch"]
[WhiteTeamCountry "HUN"]
[BlackTeamCountry "HUN"]

1. Nf3 Nf6 2. b4 a5 3. b5 e6 4. Bb2 d5 5. e3 Nbd7 6. c4 Nb6 7. cxd5 exd5 8. Be2 Bd6 9. d3 0-0 10. Nbd2 Re8 11. 0-0 c5 12. bxc6 bxc6 13. Qc2 Bd7 14. e4 dxe4 15. dxe4 Ng4 16. h3 Ne5 17. Nxe5 Bxe5 18. Bxe5 Rxe5 19. f4 Re8 20. Bf3 Qh4 21. Qc5 Nc8 22. e5 Ne7 23. Nc4 Be6 24. Nd6 Rf8 25. f5 Nxf5 26. Nxf5 Bxf5 27. Bxc6 Rac8 28. Rxf5 Rxc6 29. Qxc6 Qd4+ 30. Kh2 Qxa1 31. e6 g6 32. Rxa5 Qf6 33. exf7+ Qxf7 34. Qd6 Qb7 35. Re5 Ra8 36. Re7 Qb8 37. Rc7 Qf8 38. Qd5+ Kh8 39. Qd4+ Kg8 40. Qc4+ Kh8 41. Qc3+ Kg8 42. Qc4+ Kh8 43. Qd4+ Kg8 44. Qd5+ Kh8 45. Qe5+ Kg8 46. Rb7 Rd8 47. Re7 Ra8 48. a4 Qb8 49. Rc7 Qf8 50. Re7 Qb8 1-0

[Event "HUN-chT2 Szechenyi 0809"]
[Site "Hungary"]
[Date "2008.12.21"]
[Round "4.1"]
[White "Rako, Istvan"]
[Black "Cigan, Stefan"]
[Result "0-1"]
[WhiteElo "2151"]
[BlackElo "2386"]
[PlyCount "80"]
[EventDate "2008.10.26"]
[EventType "team-tourn"]
[EventRounds "11"]
[EventCountry "HUN"]
[SourceTitle "EXT 2010"]
[Source "ChessBase"]
[SourceDate "2010.11.25"]
[SourceVersion "1"]
[SourceVersionDate "2010.11.25"]
[SourceQuality "1"]
[WhiteTeam "Flesch"]
[BlackTeam "Alsoszolnok"]
[WhiteTeamCountry "HUN"]
[BlackTeamCountry "HUN"]

1. e4 c5 2. Nf3 d6 3. d4 cxd4 4. Nxd4 Nf6 5. Nc3 Nc6 6. Bg5 Qb6 7. Nb3 a6 8. Qd2 e6 9. Bf4 Ne5 10. 0-0-0 Be7 11. h3 0-0 12. Be3 Qc7 13. f4 Nc4 14. Bxc4 Qxc4 15. Qd3 Qc7 16. g4 b5 17. g5 Nd7 18. Ne2 Rd8 19. h4 Bb7 20. Ng3 Rac8 21. Rh2 b4 22. Rhd2 a5 23. Kb1 a4 24. Nc1 Nc5 25. Bxc5 Qxc5 26. Qd4 Qb5 27. f5 d5 28. fxe6 fxe6 29. Qe5 Qc6 30. Nh5 Bf8 31. Rf1 Qd6 32. Qxd6 Bxd6 33. e5 Bxe5 34. Re1 Bd6 35. Rxe6 Rc4 36. Rde2 Rxh4 37. Nxg7 Kxg7 38. Rxd6 Rxd6 39. Re7+ Kg6 40. Rxb7 Re6 0-1

[Event "Balatonlelle op 26th"]
[Site "Balatonlelle"]
[Date "2008.06.16"]
[Round "3.13"]
[White "Rako, Istvan"]
[Black "Kincs, Imre"]
[Result "0-1"]
[WhiteElo "2160"]
[BlackElo "2282"]
[PlyCount "68"]
[EventDate "2008.06.14"]
[EventType "swiss"]
[EventRounds "9"]
[EventCountry "HUN"]
[SourceTitle "CBM 125 Extra"]
[Source "ChessBase"]
[SourceDate "2008.09.01"]
[SourceVersion "1"]
[SourceVersionDate "2008.09.01"]
[SourceQuality "1"]

1. e4 c5 2. Nf3 g6 3. c3 Bg7 4. d4 b6 5. Bc4 e6 6. Be3 Qc7 7. Na3 a6 8. d5 Bb7 9. Qd2 Nf6 10. Bf4 Qc8 11. dxe6 fxe6 12. e5 Nh5 13. Be2 0-0 14. Be3 Qc7 15. Qd6 Qxd6 16. exd6 Nf4 17. Bxf4 Rxf4 18. Nc4 b5 19. Ne3 Nc6 20. 0-0 Raf8 21. Rad1 Bh6 22. Nd2 Rxf2 23. Ng4 Rxf1+ 24. Bxf1 Bxd2 25. Rxd2 Rf4 26. Nf2 Ne5 27. Re2 Nf7 28. Rd2 c4 29. a4 Bd5 30. axb5 axb5 31. g3 Rf5 32. Bh3 Rh5 33. Bg4 Re5 34. Bd1 Re1# 0-1

[Event "HUN-chT2 Szechenyi 0708"]
[Site "Hungary"]
[Date "2008.04.27"]
[Round "10"]
[White "Rako, Istvan"]
[Black "Oltean, Gusztav"]
[Result "1/2-1/2"]
[WhiteElo "2160"]
[BlackElo "2122"]
[PlyCount "45"]
[EventDate "2007.10.14"]
[EventType "team"]
[EventRounds "11"]
[EventCountry "HUN"]
[SourceTitle "EXT 2009"]
[Source "ChessBase"]
[SourceDate "2008.11.26"]
[SourceVersion "1"]
[SourceVersionDate "2008.11.26"]
[SourceQuality "1"]
[WhiteTeam "Flesch"]
[BlackTeam "Veszprem"]
[WhiteTeamCountry "HUN"]
[BlackTeamCountry "HUN"]

1. e4 c5 2. Nf3 a6 3. d4 cxd4 4. Nxd4 Nf6 5. Nc3 e5 6. Nf3 Bb4 7. Bd2 d6 8. Nd5 Nxd5 9. exd5 Bc5 10. Be3 Bxe3 11. fxe3 Qb6 12. Qc1 Bg4 13. Be2 Bxf3 14. Bxf3 e4 15. Be2 Qa5+ 16. Qd2 Qxd2+ 17. Kxd2 0-0 18. Rhf1 Nd7 19. c4 Ne5 20. g4 Ng6 21. Kc3 Nh4 22. Kd4 f5 23. b4 1/2-1/2

[Event "HUN-chT2 Szechenyi 0708"]
[Site "Hungary"]
[Date "2008.03.30"]
[Round "9"]
[White "Rako, Istvan"]
[Black "Bartha, Sandor"]
[Result "1/2-1/2"]
[WhiteElo "2160"]
[BlackElo "2140"]
[PlyCount "84"]
[EventDate "2007.10.14"]
[EventType "team"]
[EventRounds "11"]
[EventCountry "HUN"]
[SourceTitle "EXT 2009"]
[Source "ChessBase"]
[SourceDate "2008.11.26"]
[SourceVersion "1"]
[SourceVersionDate "2008.11.26"]
[SourceQuality "1"]
[WhiteTeam "Flesch"]
[BlackTeam "Keszthely"]
[WhiteTeamCountry "HUN"]
[BlackTeamCountry "HUN"]

1. g3 d5 2. c3 e5 3. d4 exd4 4. cxd4 c6 5. Nf3 Bd6 6. Bg2 Nf6 7. Nc3 0-0 8. 0-0 h6 9. Re1 Re8 10. Qc2 Nbd7 11. Nh4 Nf8 12. e4 dxe4 13. Nxe4 Nxe4 14. Rxe4 Rxe4 15. Qxe4 Be7 16. Nf3 Be6 17. Be3 Bd5 18. Qg4 Be6 19. Qe4 Nd7 20. Re1 Nf6 21. Qc2 Bd5 22. a3 Bf8 23. h3 Be4 24. Qb3 Qb6 25. Qxb6 axb6 26. Bf4 Bd5 27. Be5 Nd7 28. Bc7 b5 29. Ne5 Nf6 30. Bb6 b4 31. axb4 Bxb4 32. Re2 Bxg2 33. Kxg2 Nd5 34. Bc5 Bxc5 35. dxc5 Nc7 36. Nc4 Ne6 37. b4 Rd8 38. Nd6 b6 39. Nf5 bxc5 40. Ne7+ Kh7 41. Nxc6 Re8 42. Rc2 cxb4 1/2-1/2

[Event "HUN-chT2 Szechenyi 0708"]
[Site "Hungary"]
[Date "2007.12.09"]
[Round "4"]
[White "Rako, Istvan"]
[Black "Takacs, Tamas"]
[Result "1/2-1/2"]
[WhiteElo "2160"]
[BlackElo "2027"]
[PlyCount "39"]
[EventDate "2007.10.14"]
[EventType "team"]
[EventRounds "11"]
[EventCountry "HUN"]
[SourceTitle "EXT 2009"]
[Source "ChessBase"]
[SourceDate "2008.11.26"]
[SourceVersion "1"]
[SourceVersionDate "2008.11.26"]
[SourceQuality "1"]
[WhiteTeam "Flesch"]
[BlackTeam "Peti MTE"]
[WhiteTeamCountry "HUN"]
[BlackTeamCountry "HUN"]

1. e4 c5 2. Nf3 d6 3. d4 cxd4 4. Nxd4 Nf6 5. Nc3 g6 6. Be3 Bg7 7. Qd2 Ng4 8. Bg5 h6 9. Bh4 Nc6 10. Nb3 Be6 11. f3 Nge5 12. Nd5 Rc8 13. Bb5 g5 14. Bf2 a6 15. Be2 Ng6 16. c3 Bxd5 17. exd5 Na5 18. Nd4 Nc4 19. Bxc4 Rxc4 20. 0-0 1/2-1/2

[Event "HUN-chT2 Szechenyi 0708"]
[Site "Hungary"]
[Date "2007.11.11"]
[Round "2"]
[White "Ruszin, Anna"]
[Black "Rako, Istvan"]
[Result "1-0"]
[WhiteElo "2132"]
[BlackElo "2160"]
[PlyCount "81"]
[EventDate "2007.10.14"]
[EventType "team"]
[EventRounds "11"]
[EventCountry "HUN"]
[SourceTitle "EXT 2009"]
[Source "ChessBase"]
[SourceDate "2008.11.26"]
[SourceVersion "1"]
[SourceVersionDate "2008.11.26"]
[SourceQuality "1"]
[WhiteTeam "Zala Volan"]
[BlackTeam "Flesch"]
[WhiteTeamCountry "HUN"]
[BlackTeamCountry "HUN"]

1. e4 c6 2. d4 g6 3. f4 d5 4. e5 Bg7 5. Nf3 Bg4 6. Bd3 Nh6 7. h3 Bxf3 8. Qxf3 0-0 9. Be3 f6 10. Qe2 fxe5 11. fxe5 e6 12. Nd2 c5 13. dxc5 Nc6 14. Nf3 Nf7 15. 0-0 Nfxe5 16. Nxe5 Bxe5 17. Qg4 Qe7 18. c3 Bg7 19. Qg3 e5 20. Rae1 Rae8 21. Bb5 d4 22. Bxc6 bxc6 23. Bxd4 Rxf1+ 24. Kxf1 Qf7+ 25. Bf2 Qxa2 26. Re2 Qc4 27. Qe3 Rd8 28. Kg1 Qd5 29. Bg3 Re8 30. Rd2 Qb3 31. Qe4 Qb5 32. b4 Rf8 33. Kh2 Qb7 34. Rd6 Rc8 35. Bxe5 Qe7 36. Qc4+ Kh8 37. Bxg7+ Kxg7 38. Qd4+ Kg8 39. Rd7 Qf8 40. Qh4 h6 41. Qe4 1-0